<?xml version="1.0" encoding="UTF-8"?>
<record
    xmlns:xsi="http://www.w3.org/2001/XMLSchema-instance"
    xsi:schemaLocation="http://www.loc.gov/MARC21/slim http://www.loc.gov/standards/marcxml/schema/MARC21slim.xsd"
    xmlns="http://www.loc.gov/MARC21/slim">

  <leader>00949cam a2200313   4500</leader>
  <controlfield tag="001">2524841</controlfield>
  <controlfield tag="003">YEEZEN</controlfield>
  <controlfield tag="005">20250729145027.0</controlfield>
  <controlfield tag="008">250321s2025    ch ad  e b    000 0 chi d</controlfield>
  <datafield tag="020" ind1=" " ind2=" ">
    <subfield code="a">9786264191630</subfield>
    <subfield code="q">(&#x5E73;&#x88DD;) :</subfield>
    <subfield code="c">&#x65B0;&#x81FA;&#x5E63;450&#x5143;</subfield>
  </datafield>
  <datafield tag="040" ind1=" " ind2=" ">
    <subfield code="a">SAN</subfield>
    <subfield code="b">chi</subfield>
    <subfield code="c">&#x6843;&#x5E02;&#x5716;</subfield>
    <subfield code="e">CCR</subfield>
  </datafield>
  <datafield tag="041" ind1="0" ind2=" ">
    <subfield code="a">chi</subfield>
  </datafield>
  <datafield tag="042" ind1=" " ind2=" ">
    <subfield code="a">nbic</subfield>
  </datafield>
  <datafield tag="084" ind1=" " ind2=" ">
    <subfield code="a">416.613</subfield>
    <subfield code="2">ncsclt</subfield>
  </datafield>
  <datafield tag="090" ind1=" " ind2=" ">
    <subfield code="a">416.613</subfield>
  </datafield>
  <datafield tag="100" ind1="1" ind2=" ">
    <subfield code="a">&#x8A31;&#x5609;&#x9E9F;</subfield>
    <subfield code="e">&#x8457;</subfield>
  </datafield>
  <datafield tag="245" ind1="1" ind2="0">
    <subfield code="a">&#x81EA;&#x5DF1;&#x7684;&#x80A9;&#x75DB;&#x81EA;&#x5DF1;&#x6551; :</subfield>
    <subfield code="b">&#x5716;&#x89E3;&#x4E94;&#x5341;&#x80A9;&#x4FDD;&#x5065;&#x8207;&#x6CBB;&#x7642; : &#x4F60;&#x7684;&#x80A9;&#x8180;&#x4FDD;&#x56FA;&#x671F;&#x53EA;&#x6709;40&#x5E74;! /</subfield>
    <subfield code="c">&#x8A31;&#x5609;&#x9E9F;&#x8457;</subfield>
  </datafield>
  <datafield tag="246" ind1="1" ind2="0">
    <subfield code="a">&#x5716;&#x89E3;&#x4E94;&#x5341;&#x80A9;&#x4FDD;&#x5065;&#x8207;&#x6CBB;&#x7642;</subfield>
  </datafield>
  <datafield tag="246" ind1="1" ind2="0">
    <subfield code="a">&#x4F60;&#x7684;&#x80A9;&#x8180;&#x4FDD;&#x56FA;&#x671F;&#x53EA;&#x6709;40&#x5E74;!</subfield>
  </datafield>
  <datafield tag="250" ind1=" " ind2=" ">
    <subfield code="a">[&#x4E8C;&#x7248;]</subfield>
  </datafield>
  <datafield tag="260" ind1=" " ind2=" ">
    <subfield code="a">&#x81FA;&#x5317;&#x5E02; :</subfield>
    <subfield code="b">&#x6642;&#x5831;&#x6587;&#x5316;,</subfield>
    <subfield code="c">2025.01</subfield>
  </datafield>
  <datafield tag="300" ind1=" " ind2=" ">
    <subfield code="a">271&#x9762; :</subfield>
    <subfield code="b">&#x90E8;&#x4EFD;&#x5F69;&#x5716;, &#x8868;&#x683C; ;</subfield>
    <subfield code="c">21&#x516C;&#x5206;</subfield>
  </datafield>
  <datafield tag="490" ind1="0" ind2=" ">
    <subfield code="a">Care ;</subfield>
    <subfield code="v">93.</subfield>
  </datafield>
  <datafield tag="500" ind1=" " ind2=" ">
    <subfield code="a">&#x65B0;&#x7248;</subfield>
  </datafield>
  <datafield tag="504" ind1=" " ind2=" ">
    <subfield code="a">&#x53C3;&#x8003;&#x66F8;&#x76EE;: &#x9762;269-271.</subfield>
  </datafield>
  <datafield tag="650" ind1=" " ind2="7">
    <subfield code="a">&#x51B7;&#x51CD;&#x80A9;</subfield>
    <subfield code="2">lcstt.</subfield>
  </datafield>
  <datafield tag="650" ind1=" " ind2="7">
    <subfield code="a">&#x5065;&#x5EB7;&#x6CD5;</subfield>
    <subfield code="2">lcstt.</subfield>
  </datafield>
  <datafield tag="942" ind1=" " ind2=" ">
    <subfield code="2">ccl</subfield>
    <subfield code="c">BOOK</subfield>
  </datafield>
  <datafield tag="999" ind1=" " ind2=" ">
    <subfield code="c">7668</subfield>
    <subfield code="d">7668</subfield>
  </datafield>
  <datafield tag="952" ind1=" " ind2=" ">
    <subfield code="0">0</subfield>
    <subfield code="1">0</subfield>
    <subfield code="2">ccl</subfield>
    <subfield code="4">0</subfield>
    <subfield code="7">0</subfield>
    <subfield code="a">yeezen</subfield>
    <subfield code="b">yeezen</subfield>
    <subfield code="c">YEEZEN</subfield>
    <subfield code="d">2025-07-29</subfield>
    <subfield code="l">3</subfield>
    <subfield code="o">416.613</subfield>
    <subfield code="p">C03254</subfield>
    <subfield code="r">2025-10-07 00:00:00</subfield>
    <subfield code="s">2025-09-24</subfield>
    <subfield code="w">2025-07-29</subfield>
    <subfield code="y">BOOK</subfield>
    <subfield code="z">&#x4E94;&#x5341;&#x80A9;&#x4E0D;&#x50C5;&#x6703;&#x5C0E;&#x81F4;&#x751F;&#x6D3B;&#x4E0D;&#x4FBF;&#x3001;&#x5F71;&#x97FF;&#x7761;&#x7720;&#x3001;&#x808C;&#x8089;&#x840E;&#x7E2E;,&#x751A;&#x81F3;&#x53EF;&#x80FD;&#x52A0;&#x901F;&#x8166;&#x90E8;&#x9000;&#x5316;!&#x82E5;&#x5EF6;&#x8AA4;&#x6CBB;&#x7642;,&#x5C07;&#x9032;&#x4E00;&#x6B65;&#x5F15;&#x767C;&#x80A9;&#x90E8;&#x6C38;&#x4E45;&#x6D3B;&#x52D5;&#x53D7;&#x9650;,&#x5F71;&#x97FF;&#x65E5;&#x5E38;&#x751F;&#x6D3B;&#x81EA;&#x7406;&#x80FD;&#x529B;,&#x751A;&#x81F3;&#x56E0;&#x75BC;&#x75DB;&#x8207;&#x4E0D;&#x4FBF;&#x5C0E;&#x81F4;&#x5FC3;&#x7406;&#x58D3;&#x529B;&#x589E;&#x5927;,&#x7834;&#x58DE;&#x6574;&#x9AD4;&#x751F;&#x6D3B;&#x54C1;&#x8CEA;&#x3002;</subfield>
  </datafield>
</record>
